|
|
|
|
| LEADER |
00000nab a2200000 a 4500 |
| 001 |
vtls008300424 |
| 003 |
SK-MaSNL |
| 005 |
20260304210645.0 |
| 008 |
250505c2005 xo mr|p|||||||000 b|slo |
| 015 |
|
|
|a SNBRB2005/09
|2 snkbucl
|
| 035 |
|
|
|a (sysno)vtls008300424
|
| 035 |
|
|
|a urn:nbn:sk:snk-ab6hz9
|
| 035 |
|
|
|a (uuid)f83be438-19ec-4f2a-860d-64979dfdf746
|
| 035 |
|
|
|a (urnnbn)urn:nbn:sk:snk:ar-0038tt
|
| 038 |
|
|
|a SNKBUCL
|
| 040 |
|
|
|a SNKBUCL
|b slo
|c SNKBUCL
|e AACR2
|
| 041 |
0 |
|
|a slo
|
| 044 |
|
|
|a xo
|c SK
|
| 080 |
|
|
|a 004.42Office
|2 1997
|
| 080 |
|
|
|a 004.438Visual Basic
|2 1997
|
| 080 |
|
|
|a 004.415
|2 1997
|
| 100 |
1 |
|
|a Hanák, Ján,
|d 1982-
|4 aut
|9 251269
|
| 245 |
1 |
0 |
|a Visual Basic .NET II
|b automatizácia MS Office 2003
|c Ján Hanák
|
| 300 |
|
|
|b Tab.
|
| 630 |
0 |
7 |
|a Microsoft Visual Basic.NET 2003
|2 snkbucl
|9 98793
|
| 630 |
0 |
7 |
|a Microsoft Office 2003
|2 snkbucl
|9 1542024
|
| 650 |
0 |
7 |
|a programovanie
|2 snkbucl
|9 22041
|
| 650 |
0 |
7 |
|a programovacie jazyky
|2 snkbucl
|9 1838
|
| 773 |
0 |
|
|t Infoware
|g Č. máj (2005), s. 43-44
|x 1335-4787
|
| 850 |
|
|
|a Slovenská národná knižnica
|
| 852 |
|
|
|a Slovenská národná knižnica
|
| 954 |
|
|
|a odborná, vedecká literatúra pôvodná (slovenská)
|2 lita
|
| 958 |
|
|
|a article2022
|
| 958 |
|
|
|a OND
|
| 958 |
|
|
|a EUIPO
|
| 999 |
|
|
|c 3127060
|d 3128990
|